[Event "Challenge"]
[Site "http://www.queenalice.com/game.php?id=471562"]
[Date "2008.10.2"]
[Round "-"]
[White "gustavo25"]
[Black "Gadou"]
[Result "1-0"]
[WhiteElo "1242"]
[BlackElo "1357"]

1. e3 e5 2. Bc4 d5 3. Bb3 e4 4. f3 Nf6 5. d4 c6 6. f4 Bg4 7. Ne2 Qa5+ 8. Kf2 Bb4
9. c3 Bd6 10. h3 Bh5 11. g4 Bxg4 12. hxg4 Nxg4+ 13. Kg3 f5 14. Rh5 h6 15. Rxf5
h5 16. Qh1 h4+ 17. Kxg4 Qd8 18. Rg5 Qd7+ 19. Rf5 g6 20. Qxh4 Rxh4+ 21. Kxh4 gxf5
22. Kg3 Qg7+ 23. Kf2 Qg4 24. Ke1 Qh4+ 25. Kd2 Na6 26. Bd1 Ke7 27. a4 1-0

[Event "Challenge"]
[Site "http://www.queenalice.com/game.php?id=471625"]
[Date "2008.10.2"]
[Round "-"]
[White "gustavo25"]
[Black "Alexandre_lima"]
[Result "0-1"]
[WhiteElo "1221"]
[BlackElo "1141"]

1. e4 Nf6 2. Bd3 d5 3. exd5 Nxd5 4. Bc4 Nb6 5. Bb3 e6 6. Qe2 Bd6 7. g3 Nd5 8. a3
b6 9. c4 Nf6 10. Ba4+ Kf8 11. Nf3 e5 12. Ng5 Bc5 13. Qxe5 Bb7 14. Rg1 Qe7 15.
Qe2 Ba6 16. Kf1 h6 17. Nf3 Nc6 18. Bxc6 Bxc4 19. Qxc4 Qe6 20. Qa4 Rd8 21. Bb5 h5
22. Bc4 Qe7 23. Qxa7 b5 24. Qa6 bxc4 25. Qxc4 Nd7 26. b4 Bb6 27. Bb2 Re8 28. a4
Nc5 29. bxc5 Qxc5 30. Na3 Qxf2# 0-1

[Event "Let's Play Chess!"]
[Site "http://www.queenalice.com/game.php?id=471940"]
[Date "2008.10.3"]
[Round "-"]
[White "Abstro"]
[Black "gustavo25"]
[Result "1-0"]
[WhiteElo "1552"]
[BlackElo "1254"]

1. e4 e5 2. Nf3 Qf6 3. b3 Nc6 4. Bb2 Bb4 5. c3 Bd6 6. Bc4 b5 7. Bxb5 Nce7 8. O-O
c6 9. Bc4 h5 10. h4 Qf4 11. d4 exd4 12. e5 Bb8 13. cxd4 d5 14. Bd3 f6 15. Nh2
fxe5 16. g3 Qf7 17. dxe5 a5 18. Nc3 Bxe5 19. Nf3 Qe6 20. Re1 Ba6 21. Nxe5 d4 22.
Na4 Nh6 23. Bg6+ Kd8 24. Nf7+ Kd7 25. Rxe6 Kxe6 26. Nxh8 Rxh8 27. Nc5+ Kd6 28.
Qxd4+ Kc7 29. Nxa6+ Kb7 30. Nc5+ Kc7 31. Qxg7 Kb6 32. Na4+ Kb5 33. Bd3+ Kb4 34.
Qd4# 1-0

[Event "neofito"]
[Site "http://www.queenalice.com/game.php?id=473581"]
[Date "2008.10.6"]
[Round "1"]
[White "gustavo25"]
[Black "morfeo"]
[Result "1-0"]
[WhiteElo "1278"]
[BlackElo "1602"]

1. e4 e5 2. Bc4 Qf6 3. Nf3 g5 4. d3 h6 5. h4 g4 6. Nh2 Qxh4 7. Qxg4 Qf6 8. f3
Nc6 9. Qh3 d5 10. Qg3 Nd4 11. Qf2 Qg6 12. Bxd5 h5 13. Rg1 c6 14. Bc4 1-0

[Event "Challenge"]
[Site "http://www.queenalice.com/game.php?id=473820"]
[Date "2008.10.7"]
[Round "-"]
[White "gustavo25"]
[Black "Thall"]
[Result "0-1"]
[WhiteElo "1250"]
[BlackElo "1611"]

1. e3 d5 2. Nc3 Nf6 3. d4 Nc6 4. Nce2 e5 5. dxe5 Nxe5 6. Nd4 c5 7. Nb5 a6 8. Nc3
d4 9. exd4 cxd4 10. Na4 Qa5+ 11. c3 Bd7 12. b4 Qxa4 13. Qxd4 Nc6 14. Qd2 Be7 15.
Bd3 O-O 16. Bc2 Qb5 17. Bd3 Qe5+ 18. Kf1 Rad8 19. Nf3 Qd5 20. h4 Rfe8 21. c4 Qh5
22. b5 axb5 23. cxb5 Nb4 24. Be2 Bxb5 25. Qxb4 Bxb4 26. Bxb5 Qxb5+ 27. Kg1 Rd1+
28. Kh2 Rxh1+ 29. Kxh1 Qf1+ 30. Kh2 Qxf2 31. a3 Bd6+ 32. Kh3 Qg3# 0-1

[Event "Challenge"]
[Site "http://www.queenalice.com/game.php?id=475352"]
[Date "2008.10.10"]
[Round "-"]
[White "gustavo25"]
[Black "charles31"]
[Result "0-1"]
[WhiteElo "1237"]
[BlackElo "1769"]

1. e3 e5 2. Qf3 d5 3. Nc3 Be6 4. a3 Nf6 5. h3 a6 6. b4 c5 7. bxc5 Bxc5 8. Bd3 e4
9. Bxe4 dxe4 10. Qg3 Nh5 11. Qe5 Bxe3 12. dxe3 Nf6 13. Qg3 Qa5 14. Bd2 Qc5 15.
Qxg7 Rg8 16. Qxf6 Rg6 17. Qh8+ Ke7 18. h4 b5 19. Nxb5 Qxb5 20. Bb4+ Kd7 21. g3
Ra7 22. Rc1 Nc6 23. Bd2 Rb7 24. h5 Rh6 25. Qg8 Qe5 26. f4 Qf6 27. Nh3 Rxh5 28.
g4 Rb8 29. g5 Rxg8 30. gxf6 Rxh3 31. Rf1 Rg2 32. Rf2 Rh1+ 33. Ke2 Bc4# 0-1

[Event "Challenge"]
[Site "http://www.queenalice.com/game.php?id=475681"]
[Date "2008.10.10"]
[Round "-"]
[White "gustavo25"]
[Black "Tobe10"]
[Result "1-0"]
[WhiteElo "1218"]
[BlackElo "1403"]

1. e4 e5 2. Qf3 Nf6 3. Nc3 Nc6 4. Bc4 a6 5. g4 b5 6. Bb3 Nd4 7. Qd1 Nxb3 8. cxb3
c5 9. h4 b4 10. Na4 d6 11. g5 Nxe4 12. d3 Nxf2 13. Kxf2 Bb7 14. Rh3 d5 15. Re3
f6 16. Qg4 d4 17. Re2 Bc8 18. Qg2 Ra7 19. Nxc5 Bxc5 20. a3 h5 21. a4 Bb7 22. Nf3
Qe7 23. Qh2 Bd6 24. Bd2 a5 25. Rg1 Rg8 26. Ree1 e4 27. Qh3 e3+ 28. Kf1 Bf4 29.
Bc1 f5 30. Nxd4 Ba6 31. Rd1 e2+ 32. Nxe2 Bxc1 33. Nxc1 Rd7 34. Re1 Qxe1+ 35.
Kxe1 Rf8 36. Rf1 g6 37. Qe3+ Re7 38. Qxe7+ Kxe7 39. Rf3 Rc8 40. Re3+ Kd7 41. Ne2
Rc2 42. Nf4 Rc1+ 43. Kd2 Rf1 44. Nxg6 Rf2+ 45. Ke1 Rxb2 46. Nf8+ Kc7 47. d4 Rb1+
48. Kd2 f4 49. Re7+ Kd8 50. Re6 Rxb3 51. Rxa6 Rb2+ 52. Kc1 Re2 53. g6 Ke7 54.
Nh7 Rg2 55. d5 b3 56. Kb1 b2 57. d6+ Kd7 58. Nf8+ Kc8 59. Ra7 Kb8 60. Rxa5 f3
61. Rf5 f2 62. d7 Kc7 63. a5 Rg1+ 64. Kxb2 f1=Q 65. Rxf1 Rxf1 66. g7 Rg1 67. a6
Rxg7 68. a7 Rg8 69. a8=Q Rxf8 70. Qxf8 Kxd7 71. Qh8 Ke6 72. Qxh5 Kf6 73. Qg5+
Kf7 74. h5 Kf8 75. h6 Kf7 76. h7 Kf8 77. h8=Q+ Kf7 78. Qhf6+ 1-0

[Event "Challenge"]
[Site "http://www.queenalice.com/game.php?id=475682"]
[Date "2008.10.10"]
[Round "-"]
[White "gustavo25"]
[Black "stephancharette"]
[Result "0-1"]
[WhiteElo "1248"]
[BlackElo "1378"]

1. e4 e5 2. Qf3 Nf6 3. Nh3 d6 4. g4 Bxg4 5. Qb3 b6 6. Ng1 Qe7 7. h3 Be6 8. Qc3
Nxe4 9. Bg2 Nxc3 10. bxc3 c6 11. d3 Bd5 12. Bxd5 cxd5 13. h4 d4 14. c4 Nc6 15.
Bg5 f6 16. Bd2 O-O-O 17. Na3 g5 18. Nb5 h6 19. h5 Kb8 20. a4 Rd7 21. Nf3 e4 22.
Nfxd4 exd3+ 23. Kd1 Nxd4 24. Nxd4 dxc2+ 25. Kxc2 Rc7 26. Rhe1 Rxc4+ 27. Bc3 Qd8
28. Rf1 Qc8 29. Kd3 Rxc3+ 30. Ke4 Qe8+ 31. Kf5 Qe5+ 32. Kg6 Qxd4 33. Rfe1 Rc7
34. Rad1 Rg8+ 35. Kf5 Qxf2+ 36. Kg4 Rc4+ 37. Kh3 Rh4# 0-1

[Event "Challenge"]
[Site "http://www.queenalice.com/game.php?id=475920"]
[Date "2008.10.11"]
[Round "-"]
[White "gustavo25"]
[Black "cesarakg"]
[Result "0-1"]
[WhiteElo "1204"]
[BlackElo "1338"]

1. e4 e5 2. Qf3 Nc6 3. Bc4 Nf6 4. g4 Na5 5. Bd3 Bc5 6. g5 Ng8 7. h4 b6 8. Qf5 d6
9. Qf3 Be6 10. h5 h6 11. g6 f6 12. Bb5+ c6 13. Ba6 Ne7 14. Ne2 O-O 15. d3 f5 16.
Rg1 fxe4 17. Qxe4 Bxf2+ 18. Kf1 Bxg1+ 19. Kxg1 Nd5 20. Nd2 Qg5+ 21. Kh2 Ne3 22.
Ng3 Ng4+ 23. Kg2 Bd5 24. Nf3 Qf6 25. Qxg4 Bxf3+ 26. Kh3 Bxg4+ 27. Kg2 Qf2+ 28.
Kh1 Bf3# 0-1

[Event "Challenge"]
[Site "http://www.queenalice.com/game.php?id=475921"]
[Date "2008.10.11"]
[Round "-"]
[White "gustavo25"]
[Black "Claudio_C_A"]
[Result "1-0"]
[WhiteElo "1241"]
[BlackElo "1671"]

1. e4 e5 2. Nc3 g6 3. Qf3 Nf6 4. g4 d6 5. g5 Ng8 6. Bc4 Be6 7. d3 c6 8. Bb3 Nd7
9. Bd2 Qb6 10. Nce2 O-O-O 11. Kd1 Bxb3 12. axb3 f6 13. gxf6 Ndxf6 14. Ba5 Qa6
15. Qe3 b6 16. Bxb6 Qxa1+ 17. Qc1 Qxc1+ 18. Kxc1 axb6 19. c4 Ng4 20. Nh3 Kc7 21.
b4 Ra8 22. f3 Ne3 23. Ng5 Kd7 24. Kd2 h6 25. Nh3 Ng2 26. Rg1 Nh4 27. Nc3 Nxf3+
28. Ke2 Nxg1+ 29. Nxg1 Bg7 30. b5 Ne7 31. Nf3 Ra1 32. bxc6+ Nxc6 33. Nd5 Nd4+
34. Nxd4 exd4 35. Nxb6+ Kc7 36. Nd5+ Kc6 37. Ne7+ Kd7 38. Nxg6 Rha8 39. c5 R8a2
40. cxd6 Kxd6 41. e5+ Bxe5 42. h3 Rxb2+ 43. Kf3 h5 44. Ke4 Rf2 45. Nxe5 Re1+ 46.
Kxd4 Rxe5 47. Kc4 Rc5+ 48. Kd4 Rf4+ 49. Ke3 Rcf5 50. Kd2 Rc5 51. Ke3 Rh4 52. Kd2
Rxh3 53. Ke2 Ra5 54. Kd2 1-0

[Event "Challenge"]
[Site "http://www.queenalice.com/game.php?id=476249"]
[Date "2008.10.12"]
[Round "-"]
[White "gustavo25"]
[Black "Abstro"]
[Result "0-1"]
[WhiteElo "1219"]
[BlackElo "1740"]

1. e4 e5 2. Nc3 Nf6 3. Nf3 d6 4. h3 Be7 5. Nb5 O-O 6. d3 c6 7. Nc3 d5 8. Nxe5 d4
9. Ne2 c5 10. Ng3 Bd6 11. Nf3 Nfd7 12. h4 Nc6 13. Ng5 Nde5 14. Nh5 g6 15. Ng3
Be7 16. f4 Ng4 17. Be2 Nh6 18. h5 Bxg5 19. fxg5 f5 20. gxh6 f4 21. Nf1 g5 22. c3
Rf6 23. b4 dxc3 24. bxc5 Qd4 25. Qb3+ Kf8 26. Qd5 Qb4 27. Qc4 Qa5 28. Rh3 Be6
29. Qxc3 Qxc3+ 30. Kf2 Qxa1 31. Bd2 Bxh3 32. gxh3 Qxa2 33. Bc3 Rxh6 34. Ke1 Qa3
35. Kd2 Na5 36. d4 Nb3+ 37. Kd3 Nc1+ 38. Kd2 Nxe2 39. Kxe2 Qxc3 40. d5 Qxc5 41.
Nd2 Qe3+ 42. Kd1 Rxh5 43. d6 Rd8 44. e5 Qxe5 45. Nf3 Rxd6+ 46. Kc2 Qe2+ 47. Kc3
Qxf3+ 48. Kc4 Qc6+ 49. Kb4 Rd5 50. h4 Rb5+ 51. Ka4 Qa6# 0-1

[Event "Challenge"]
[Site "http://www.queenalice.com/game.php?id=478052"]
[Date "2008.10.16"]
[Round "-"]
[White "gustavo25"]
[Black "Alexandre_lima"]
[Result "1-0"]
[WhiteElo "1204"]
[BlackElo "1162"]

1. e4 e5 2. Nc3 Bc5 3. Qf3 Nf6 4. Qg3 d6 5. Qxg7 Rg8 6. Qh6 Ng4 7. Qxh7 Kd7 8.
h3 Nxf2 9. Qxf7+ Kc6 10. Rh2 Rg5 11. g4 Nxe4 12. Nxe4 Bxg1 13. Rh1 Bd4 14. Qf3
Rg6 15. g5 Rxg5 16. h4 Rg4 17. h5 Rf4 18. Qd3 Bf5 19. Qc4+ Kd7 20. Ng3 Bf2+ 21.
Ke2 Bxg3 22. Qf7+ Qe7 23. Qg8 Re4+ 24. Kf3 Rg4 25. Qb3 1-0

[Event "Challenge"]
[Site "http://www.queenalice.com/game.php?id=480814"]
[Date "2008.10.21"]
[Round "-"]
[White "gustavo25"]
[Black "lica"]
[Result "0-1"]
[WhiteElo "1217"]
[BlackElo "1294"]

1. e4 e6 2. Nc3 Nc6 3. Bc4 Bb4 4. Na4 Qh4 5. g3 Qxe4+ 6. Qe2 Qxh1 7. Qf1 Qe4+ 8.
Ne2 Qxc4 9. c3 Bxc3 10. Naxc3 Nf6 11. b3 Qc5 12. Na4 Qb4 13. Nf4 b5 14. Nd3 Qe4+
15. Qe2 Qh1+ 16. Qf1 Qxh2 17. Nac5 Qh5 18. Qg2 Nd5 19. Bb2 a6 20. g4 Qg6 21. Ne5
Nxe5 22. Bxe5 d6 23. Nxe6 Bxe6 24. Rc1 dxe5 25. g5 h6 26. Ke2 Nf4+ 27. Kf3 Nxg2
28. Kxg2 Qxg5+ 29. Kf1 Qxd2 30. Rxc7 Qxa2 31. Rc3 Qa1+ 32. Kg2 Qxc3 33. b4 Rd8
34. f3 Rd1 35. Kf2 g5 36. Ke2 Rd2+ 37. Kf1 Qxf3+ 38. Ke1 Qf2# 0-1

[Event "Challenge"]
[Site "http://www.queenalice.com/game.php?id=484733"]
[Date "2008.10.29"]
[Round "-"]
[White "gustavo25"]
[Black "ziul"]
[Result "0-1"]
[WhiteElo "1271"]
[BlackElo "1278"]

1. e4 e5 2. Nc3 Qh4 3. Nf3 Qf6 4. g3 d5 5. Nxd5 Qd6 6. d3 Nf6 7. c4 c6 8. Nb4
Qxb4+ 9. Bd2 Qb6 10. Nxe5 Bd6 11. Nf3 Ng4 12. Qc2 Qxf2+ 13. Kd1 Qxf3+ 14. Kc1
Qxh1 15. Qd1 Qxh2 16. Qf3 Ne5 17. Qg2 Nxd3+ 18. Kc2 Qh5 19. Bxd3 Nd7 20. Rh1 Qc5
21. Rf1 Ne5 22. Qf2 Qxf2 23. Rxf2 Nxd3 24. Kxd3 Be6 25. b3 O-O-O 26. Rg2 Bh3 27.
Rf2 Bxg3+ 28. Ke2 Bxf2 29. Bg5 f6 30. Bc1 Bd4 31. a4 Rhe8 32. Kd3 Bb2+ 33. Kc2
Bxc1 34. Kxc1 Bf5 35. Kb2 Rxe4 36. Ka3 a5 37. b4 Re3+ 38. Kb2 Re2+ 39. Kc3 Rd3#
0-1

[Event "Challenge"]
[Site "http://www.queenalice.com/game.php?id=484734"]
[Date "2008.10.29"]
[Round "-"]
[White "gustavo25"]
[Black "RobertoAllan"]
[Result "1-0"]
[WhiteElo "1271"]
[BlackElo "1036"]

1. e4 e5 2. Nc3 Bc5 3. Nf3 Nf6 4. Nd5 Nxe4 5. Qe2 Nf6 6. Qxe5+ Be7 7. Nxe7 Kf8
8. Nf5 d6 9. Qd4 Nc6 10. Qe3 Bxf5 11. d3 1-0

[Event "Challenge"]
[Site "http://www.queenalice.com/game.php?id=488090"]
[Date "2008.11.5"]
[Round "-"]
[White "gustavo25"]
[Black "lica"]
[Result "1-0"]
[WhiteElo "1284"]
[BlackElo "1301"]

1. e4 e5 2. Nf3 Nf6 3. Qe2 d6 4. Nc3 Nc6 5. Nd5 Be6 6. Nc3 h5 7. h4 Be7 8. d3 d5
9. g3 dxe4 10. dxe4 a5 11. Be3 Bg4 12. Rd1 Bd6 13. Bg2 a4 14. Qb5 a3 15. b3 Qd7
16. Qxb7 Ra5 17. Rd3 Bxf3 18. Bxf3 O-O 19. Bg5 Nd4 20. Bd1 Nf3+ 21. Bxf3 Rc5 22.
Qa6 Qe6 23. Qxa3 Nh7 24. Be3 Rxc3 25. Qb2 Rxd3 26. cxd3 Bb4+ 27. Ke2 c5 28. a4
f5 29. Bxh5 f4 30. gxf4 exf4 31. Bc1 Ba5 32. Rg1 f3+ 33. Ke3 Qh6+ 34. Rg5 Nxg5
35. Bxf3 Nxf3+ 36. Ke2 Qxh4 37. Be3 Nd4+ 38. Bxd4 cxd4 39. Qxd4 Qh5+ 40. f3 Qh2+
41. Qf2 Qe5 42. d4 Qh5 43. Qg2 Bb6 44. Ke3 Qh6+ 45. Kd3 Bxd4 46. Kxd4 Qb6+ 47.
Kc3 Rc8+ 48. Kd3 Qxb3+ 49. Kd4 Qxa4+ 50. Ke5 Qe8+ 51. Kf4 Qf7+ 52. Ke3 Rc3+ 53.
Kf2 Rc2+ 54. Kg3 Rxg2+ 55. Kxg2 g5 56. Kg3 Qc7+ 57. Kg4 Qe5 58. Kh5 Qg3 59. e5
Qxe5 60. Kg6 Qd6+ 61. Kh5 Qf6 62. Kg4 Kg7 63. Kh5 Kf7 64. Kg4 Ke6 65. Kh5 Ke5
66. Kg4 Kd4 67. Kh5 1-0

[Event "Challenge"]
[Site "http://www.queenalice.com/game.php?id=492886"]
[Date "2008.11.13"]
[Round "-"]
[White "gustavo25"]
[Black "cesarakg"]
[Result "0-1"]
[WhiteElo "1301"]
[BlackElo "1393"]

1. e4 e5 2. Nf3 Nc6 3. Nc3 Nf6 4. Ng5 Be7 5. Bc4 d5 6. exd5 Na5 7. Bb5+ c6 8.
Bd3 cxd5 9. Qf3 Bg4 10. Qg3 O-O 11. Qh4 g6 12. Nxd5 Qxd5 13. f3 Bd7 14. Be4 Qc5
15. Rf1 Nh5 16. g4 Bxg5 17. Qxg5 Ng7 18. Qh4 Rad8 19. Qf2 Ne6 20. c3 Qxf2+ 21.
Rxf2 Nf4 22. d4 Nh3 23. Rf1 exd4 24. cxd4 Rfe8 25. Bd2 Nc4 26. Bh6 Bc6 27. Rc1
Rxd4 28. b3 Ne3 29. Bxe3 Rdd8 30. Bxa7 Bxe4 31. Rf2 Bxf3+ 32. Kf1 Nxf2 33. Kxf2
Bxg4 34. Re1 Rxe1 35. Kxe1 f5 36. Bb6 Rd3 37. Bf2 Rd1# 0-1

[Event "Challenge"]
[Site "http://www.queenalice.com/game.php?id=498900"]
[Date "2008.11.27"]
[Round "-"]
[White "gustavo25"]
[Black "DrIgO"]
[Result "0-1"]
[WhiteElo "1307"]
[BlackElo "1397"]

1. e4 d5 2. Nc3 c6 3. Qf3 g6 4. exd5 cxd5 5. Nxd5 Bg7 6. Qe4 Nf6 7. Bb5+ Bd7 8.
Nxf6+ Bxf6 9. Bc4 Bc6 10. Qg4 O-O 11. h4 b5 12. Bd3 Bd7 13. Qf3 e5 14. Qxa8 Qc7
15. Qf3 Qd6 16. h5 g5 17. h6 Bc6 18. Qg3 Bd8 19. Nh3 Bc7 20. Nxg5 Qf6 21. b3 e4
22. Qxc7 exd3 23. c3 Qxg5 24. Qxa7 Qxg2 25. Rf1 Qe4+ 26. Kd1 Qf3+ 27. Ke1 Re8+
28. Qe3 Rxe3+ 29. fxe3 Qe2# 0-1

[Event "Challenge"]
[Site "http://www.queenalice.com/game.php?id=500719"]
[Date "2008.11.30"]
[Round "-"]
[White "Saru"]
[Black "gustavo25"]
[Result "0-1"]
[WhiteElo "1271"]
[BlackElo "1301"]

1. c4 e5 2. e3 Nf6 3. Nc3 Nc6 4. Be2 Bb4 5. Qb3 d6 6. Nf3 a5 7. Ng5 Rf8 8. O-O
Ng8 9. Nce4 a4 10. Qd3 b6 11. a3 Ba5 12. b4 Nxb4 13. axb4 Bxb4 14. Nxh7 f6 15.
Nxf8 Kxf8 16. Qd5 Bf5 17. Bh5 Ne7 18. Qd3 d5 19. cxd5 Nxd5 20. Qc4 Qd7 21. Nc3
c6 22. Nxa4 b5 23. Qc5+ Bxc5 24. Nxc5 Qc8 25. Rd1 Rxa1 26. Nb3 Ra8 27. Bb2 Ke7
28. Ra1 Ra4 29. Nc5 Rb4 30. Ra2 Qh8 31. Na6 Qxh5 32. Nxb4 Qd1# 0-1

[Event "neofito"]
[Site "http://www.queenalice.com/game.php?id=500812"]
[Date "2008.12.1"]
[Round "2"]
[White "kingrey"]
[Black "gustavo25"]
[Result "1-0"]
[WhiteElo "1329"]
[BlackElo "1316"]

1. e4 e5 2. Qh5 Nf6 3. Qxe5+ Be7 4. Bc4 d6 5. Qg3 Bg4 6. d3 Qd7 7. h3 Bh5 8.
Qxg7 Rf8 9. Nc3 Qc6 10. Bb5 Rg8 11. Qh6 Rg6 12. Qf4 Qd7 13. Bxd7+ Nbxd7 14. e5
dxe5 15. Qc4 Bd8 16. Qe4 1-0

[Event "Challenge"]
[Site "http://www.queenalice.com/game.php?id=503584"]
[Date "2008.12.5"]
[Round "-"]
[White "gustavo25"]
[Black "DrIgO"]
[Result "0-1"]
[WhiteElo "1295"]
[BlackElo "1424"]

1. e4 d5 2. Nc3 e6 3. Qe2 g6 4. Nh3 Nh6 5. exd5 Bg7 6. Qf3 exd5 7. Ng5 Qxg5 8.
Nxd5 O-O 9. Nxc7 Bg4 10. Qxb7 Nd7 11. Nxa8 Qe5+ 12. Be2 Qxe2# 0-1